Traduction de vocabulaire en espagnol - affaires scolaires - Statistiques

Statistiques générales
  • Ce quiz a été pris 78 fois
  • Le résultat moyen est 4 sur 15
Statistiques - réponses
Hint Réponse % Correct
Règle Regla
84%
Cahiers Cuadernos
69%
Stylos Bolígrafos
51%
Calculatrice Calculadora
45%
Compas Compás
38%
Crayons à papier Lápices
38%
Feuilles de papier Hojas de papel
25%
Colle Pegamento
25%
Trousse Estuche
18%
Gommes Borradores
16%
Taille-crayon Sacapuntas
16%
Feutres Marcadores
7%
Equerre Escuadra
4%
Classeurs Carpetas
0%
Surligneurs Marcadores de texto
0%
Aucun quiz correspondant
Distribution des résultats
% des personnes avec chaque résultat
Percentile par nombre de réponses
Votre historique - résultats
Vous n’avez pas pris ce quiz